| 000 | 01416cam a2200325 4500 | ||
|---|---|---|---|
| 008 | 010928n2001 000 0 eng u | ||
| 020 | _a9810243383 | ||
| 035 | _a(Sirsi) u114909 | ||
| 050 | _a690 CHE | ||
| 100 | _aChew, Y. | ||
| 245 | _aConstruction technology for tall buildings | ||
| 250 | _a2nd ed. | ||
| 260 |
_aSingapore _bWorld Scientific Club _c2001 |
||
| 300 | _axvi, 417p. $2 2cm. | ||
| 350 | _a17.85 | ||
| 520 | _aCovers the latest construction practices and processes for tall buildings from foundation to roof. It discusses the stages of site investigation, excavation and foundations, basement construction, structural systems for the superstructure, site and material handling, wall and floor construction, cladding and roof construction. Acquaints the reader with the methods, materials, equipment and systems used for the construction of tall buildings. | ||
| 650 | _aTALL BUILDINGS | ||
| 650 | _aCONSTRUCTION TECHNOLOGY | ||
| 650 |
_aHEALTH AND SAFETY _96244 |
||
| 650 | _aSITE INVESTIGATIONS | ||
| 650 | _aBUILT ENVIRONMENT-BUILDING ELEMENTS-COMPLETE BUILDING ELEMENTS-FOUNDATIONS | ||
| 650 | _aBASEMENTS | ||
| 650 | _aMATERIALS MANAGEMENT | ||
| 650 | _aWALL TECHNOLOGY | ||
| 650 | _aBUILT ENVIRONMENT-BUILDING ELEMENTS-COMPLETE BUILDING ELEMENTS-FLOORS | ||
| 650 | _aEXTERNAL CLADDING | ||
| 650 | _aROOF CONSTRUCTION | ||
| 690 | _aBUILT ENVIRONMENT | ||
| 942 | _n0 | ||
| 999 |
_c101683 _d101683 |
||